• 首页
  • 本馆介绍
  • 公告通知
  • 最新文献
  • 馆藏检索
  • 电子资源
  • 读者导购
  • 参考咨询
  • 我的图书馆
  • 登录
  • 详细信息显示
  • 放入我的书架
  • 预约/预借图书
  • 作者相关作品
  • 分类相关作品
  • 丛书相关作品
  • 出版社相关作品

书目信息

  • 表格格式
  • 工作单格式
  • 卡片格式
题名:
群雄归唐
    
 
作者: 德吕舍尔 著 ;陈俊 译
分册: 上册  
出版信息: 南昌   江西少年儿童出版社  1988
页数: 210页
开本: 19cm
丛书名: 百花洲少年文库
单 册:
中图分类: I516.85
科图分类:
主题词: 儿童文学-故事--德国 , 故事-儿童文学--德国
电子资源:
ISBN: 7-5391-0045-1
000 00858oam2 2200301 450
001 0188808830
005 20100712222853.0
010    @a7-5391-0045-1@dCNY1.10
011    @a7-5391-0045-1
091    @a10426.74
100    @a19980828d1988 am y0chiy0110 ea
101 1  @achi
102    @aCN@b360000
105    @ay z 000gy
106    @ar
200 1  @a群雄归唐@9Qun Xiong Gui Tang @f(德)德吕舍尔著@g陈俊译@h上册
210    @a南昌@c江西少年儿童出版社@d1988
215    @a210页@d19cm
225 2  @a百花洲少年文库
461  0 @12001 @a百花洲少年文库
517 1  @a动物的奇闻趣事@9dong wu de qi wen qu shi
606 0  @a儿童文学-故事@y德国
606 0  @a故事-儿童文学@y德国
690    @aI516.85@v3
701  1 @a德吕舍尔@9de lu she er@4著
702  0 @a陈俊@9chen jun@4译
801  0 @aCN@bAzMarc@c20130904
905    @aBZT@dI247@e71:1@f5@sI247/71:1
    
    群雄归唐/(德)德吕舍尔著/陈俊译.上册.-南昌:江西少年儿童出版社,1988
    210页;19cm.-(百花洲少年文库)
    
    
    ISBN 7-5391-0045-1:CNY1.10
    
●
相关链接 在五车中查询图书 在当当中查询图书 在豆瓣中查询图书


正题名:群雄归唐     索取号:I247/71:1         预约/预借

序号 登录号 条形码 馆藏地/架位号 状态 备注
1 2000076537   2000076537   旧书回溯/ [索取号:I247/71:1] 在馆    
2 2000076538   2000076538   旧书回溯/ [索取号:I247/71:1] 在馆    
3 2000076539   2000076539   旧书回溯/ [索取号:I247/71:1] 在馆    
4 2000076540   2000076540   旧书回溯/ [索取号:I247/71:1] 在馆    
5 2000076541   2000076541   旧书回溯/ [索取号:I247/71:1] 在馆    
山东省滨州职业学院图书馆 欢迎您!
大连网信软件有限公司© 版权所有